000
00229nam a22000857a 4500
008
160711b xxu||||| |||| 00| 0 eng d
100
_9
2524
_a
Kumar K.A
245
_a
Inquisitive Science-7
260
_a
New Delhi
_b
S.Chand Publication
_c
2008
999
_c
2191
_d
2191